[Event "Montigny le Bretonneux Noel op 17th"]
[Site "Montigny le Bretonneux"]
[Date "2016.12.29"]
[Round "5"]
[White "Thomas, Robert"]
[Black "Jen, Jin Xian Koki"]
[Result "0-1"]
[WhiteElo "1348"]
[BlackElo "1302"]
[PlyCount "66"]
[EventDate "2016.12.26"]
[EventType "swiss"]
[EventRounds "7"]
[EventCountry "FRA"]
[SourceTitle "CBM 176 Extra"]
[Source "ChessBase"]
[SourceDate "2017.03.02"]
[SourceVersion "1"]
[SourceVersionDate "2017.03.02"]
[SourceQuality "1"]

1. e4 e5 2. Nf3 Nf6 3. Nc3 Bb4 4. d3 Nc6 5. Bd2 Bxc3 6. Bxc3 d6 7. h3 0-0 8. Be2 h6 9. 0-0 Be6 10. Bd2 Qd7 11. Nh2 Nd4 12. c3 Nxe2+ 13. Qxe2 c5 14. c4 Rac8 15. f4 exf4 16. Bxf4 Rfe8 17. Qf3 b6 18. b3 a5 19. e5 dxe5 20. Bxe5 Nh7 21. Qg3 f6 22. Bxf6 Nxf6 23. Rxf6 Qd4+ 24. Kf1 Qxf6+ 25. Nf3 Qxa1+ 26. Kf2 Qxa2+ 27. Kg1 Qxb3 28. Qh2 Rcd8 29. Ne5 Qc3 30. Qf4 Rxd3 31. Nxd3 Qxd3 32. Qc7 Bxc4 33. Qf4 Qd4+ 0-1

[Event "Montigny le Bretonneux Noel op 17th"]
[Site "Montigny le Bretonneux"]
[Date "2016.12.27"]
[Round "1"]
[White "Plantet, Marc"]
[Black "Jen, Jin Xian Koki"]
[Result "1-0"]
[WhiteElo "1745"]
[BlackElo "1302"]
[PlyCount "51"]
[EventDate "2016.12.26"]
[EventType "swiss"]
[EventRounds "7"]
[EventCountry "FRA"]
[SourceTitle "CBM 176 Extra"]
[Source "ChessBase"]
[SourceDate "2017.03.02"]
[SourceVersion "1"]
[SourceVersionDate "2017.03.02"]
[SourceQuality "1"]

1. e4 e5 2. Nf3 Nf6 3. Bc4 Be7 4. Nxe5 0-0 5. Nc3 d6 6. Nf3 Nc6 7. d4 Bg4 8. Be3 Nxe4 9. Nxe4 d5 10. Bd3 dxe4 11. Bxe4 Bf6 12. c3 Re8 13. Bc2 Bh5 14. 0-0 Na5 15. Bxh7+ Kh8 16. Bd3 Qd5 17. Re1 Nc4 18. Bxc4 Qxc4 19. Nd2 Qd5 20. Qb3 Qc6 21. f3 Bh4 22. Bf2 Bg5 23. Ne4 Bh6 24. d5 Qg6 25. Ng3 b6 26. Qb5 1-0